| 000 | 00575nam a22002417a 4500 | ||
|---|---|---|---|
| 003 | UA-OsUOA | ||
| 001 | 23304 | ||
| 007 | ta | ||
| 008 | 20040117b un ||||| |||| 00| 0 ukr d | ||
| 100 | _aХейгин Кеннет Е. | ||
| 090 |
_a242 _bХ35 |
||
| 942 | _cBK | ||
| 040 |
_aUA-OsUOA _brus _cUA-OsUOA _dUA-OsUOA |
||
| 245 | _aВласть верующего | ||
| 300 | _a70 с. | ||
| 955 | _a0 | ||
| 041 | _arus | ||
| 080 | _a242 | ||
| 260 |
_aМинск _bИздание Библеотеки веры _c1991 |
||
| 044 | _aBY | ||
| 650 | 7 | _2UDC | |
| 999 |
_c309549 _d309549 |
||